000
00323pab a2200145 454500
008
180718b1998 xxu||||| |||| 00| 0 eng d
100
_a
Agarwal, Abha
245
_a
Child labour in glass industry
260
_c
1998
300
_a
p.21-23
362
_a
Dec
650
_a
Child labour
773
_a
Yojana
909
_a
39589
999
_c
39589
_d
39589